| 000 | 003350000a22001450004500 | ||
|---|---|---|---|
| 003 | MACL | ||
| 040 | _aMACL | ||
| 090 |
_c44917 _d44915 |
||
| 100 | _aAnand, Rohit | ||
| 245 | _aInternet Education | ||
| 260 |
_binetrnational scientific publishing Academy _c2008 |
||
| 350 | _a450 | ||
| 650 | _aComputer Science | ||
| 942 |
_cBOOK _k004/ANA |
||
| 999 |
_c44458 _d44458 |
||